00551cam a2200169 a 4500020003500000041000800035082001600043100002400059245004200083250001200125260006000137300001800197650004700215942000700262952009500269999001700364 a0664256155 (pbk. : alk. paper)1 aENG00a230.12bSCH1 aSchmithals, Walter.14aThe theology of the first Christians  a1st ed. aLouisville, Ky. :bWestminster John Knox Press,cc1997. axii, 396 p. ; 0aTheology, DoctrinalaBible - New Testament cBK 00104070aHMIbHMIcGENd2018-11-15l0o230.12 SCHp11003858r2026-01-16w2026-01-16yBK c22498d22498